Logo des compagnes ferroviaires d'Europe - Statistiques

Statistiques générales
  • Ce quiz a été pris 10 fois
  • Le résultat moyen est 8 sur 36
Statistiques - réponses
Par images Hint Réponse % Correct
France SNCF
100%
Allemagne DB
67%
Luxembourg CFL
56%
Portugal CP
56%
Espagne Renfe
56%
Moldavie CFM
44%
Hongrie MÁV
44%
Autriche ÖBB
44%
Belgique SNCB/NMBS
44%
Italie Trenitalia
44%
Finlande VR
44%
Norvège Vy
44%
Croatie
33%
Tchéquie ČD
22%
Suisse CFF/SBB/FFS
22%
Lituanie LG
22%
Grèce OSE
22%
Suède SJ
22%
Royaume-Uni Great British Railways
11%
Irlande Iarnód Éireann/Irish Rail
11%
Lettonie LDz
11%
Pologne PKP
11%
Bulgarie BDŽ
0%
Roumanie CFR
0%
Danemark DSB
0%
Estonie EVR
0%
Albanie HSh
0%
Pays-Bas NS
0%
Slovénie
0%
Kosovo Trainkos
0%
Ukraine UZ
0%
Monténégro ŽCG
0%
Bosnie-Herzégovine ŽFBH/ŽRS
0%
Macédoine du Nord ŽRSM
0%
Serbie ŽS
0%
Slovaquie ŽSR
0%
Aucun quiz correspondant
Distribution des résultats
% des personnes avec chaque résultat
Percentile par nombre de réponses
Votre historique - résultats
Vous n’avez pas pris ce quiz